[Event "5. Regina Helena Marques Prol"]
[Site "Santos BRA"]
[Date "2007.05.19"]
[Round "1.1"]
[White "Marra, Eduardo da Costa"]
[Black "Lima, Diniz Neves"]
[Result "1-0"]
[WhiteElo "2290"]
[BlackElo "2137"]
[PlyCount "53"]
[EventDate "2007.05.19"]
[EventType "tourn"]
[EventRounds "11"]
[EventCountry "BRA"]
[Source "lmi"]
[SourceDate "2007.05.19"]

1. e4 c5 2. Nf3 Nc6 3. d4 cxd4 4. Nxd4 g6 5. Nc3 Bg7 6. Be3 Nf6 7. Nxc6 bxc6 8.
e5 Nd5 9. Nxd5 cxd5 10. Qxd5 Rb8 11. Bc4 O-O 12. O-O-O d6 13. Bxa7 Rb4 14. Bb3
Qc7 15. exd6 Qxa7 16. d7 Rxb3 17. dxc8=Q Bxb2+ 18. Kb1 Rxc8 19. cxb3 Bf6 20.
Rd2 Qc7 21. a4 Qc3 22. Ka2 e6 23. Qd3 Qb4 24. Rc2 Rb8 25. Qc4 Qa5 26. Rhc1 Rb4
27. Qc5 1-0

[Event "5. Regina Helena Marques Prol"]
[Site "Santos BRA"]
[Date "2007.05.19"]
[Round "1.2"]
[White "Larrea, Manuel"]
[Black "Hungaski, Robert Andrew"]
[Result "0-1"]
[WhiteElo "2317"]
[BlackElo "2379"]
[PlyCount "134"]
[EventDate "2007.05.19"]
[EventType "tourn"]
[EventRounds "11"]
[EventCountry "BRA"]
[Source "lmi"]
[SourceDate "2007.05.19"]

1. e4 e5 2. Nf3 Nc6 3. Bc4 Nf6 4. d3 Be7 5. O-O O-O 6. Re1 d6 7. c3 Na5 8. Bb5
a6 9. Ba4 c5 10. Nbd2 b5 11. Bc2 Re8 12. Nf1 h6 13. Ng3 Bf8 14. h3 Bd7 15. Nh2
d5 16. Ng4 d4 17. Qf3 Nxg4 18. hxg4 g6 19. Nf1 Be6 20. Qg3 Nc6 21. Nh2 Kh7 22.
g5 h5 23. Qh4 Bg7 24. g4 Rh8 25. Qg3 Kg8 26. Bd1 h4 27. Qh3 Bf8 28. a4 dxc3 29.
bxc3 b4 30. cxb4 cxb4 31. Rb1 Rb8 32. f4 exf4 33. Bxf4 Bd6 34. Bxd6 Qxd6 35.
Qe3 Qe5 36. Re2 h3 37. Kh1 a5 38. Nf3 Qg3 39. Nh2 Qe5 40. Nf3 Qd6 41. e5 Qd7
42. Bb3 Bxb3 43. Rxb3 Qxg4 44. d4 Ne7 45. e6 Nf5 46. exf7+ Kh7 47. Ne5 Qg2+ 48.
Rxg2 hxg2+ 49. Kxg2 Nxe3+ 50. Rxe3 b3 51. Nd7 b2 52. f8=Q Rhxf8 53. Nxf8+ Kg8
54. Re1 b1=Q 55. Rxb1 Rxb1 56. Nxg6 Rb4 57. Ne7+ Kf7 58. Nc6 Rxa4 59. Kf3 Ra1
60. Ke4 a4 61. Kd3 Rb1 62. Kc2 Rb6 63. d5 a3 64. Ne5+ Kg7 65. d6 a2 66. d7 a1=Q
67. d8=Q Rb2+ 0-1

[Event "5. Regina Helena Marques Prol"]
[Site "Santos BRA"]
[Date "2007.05.19"]
[Round "1.4"]
[White "Stamenkovic, Dragan"]
[Black "Viana Da Costa, Fernando"]
[Result "1/2-1/2"]
[WhiteElo "2423"]
[BlackElo "2288"]
[PlyCount "45"]
[EventDate "2007.05.19"]
[EventType "tourn"]
[EventRounds "11"]
[EventCountry "BRA"]
[Source "lmi"]
[SourceDate "2007.05.19"]

1. e4 c5 2. Nf3 Nc6 3. d4 cxd4 4. Nxd4 g6 5. c4 Nf6 6. Nc3 Nxd4 7. Qxd4 d6 8.
Be2 Bg7 9. Bg5 O-O 10. Qd2 Be6 11. f3 Qa5 12. Rc1 Rfc8 13. b3 a6 14. Na4 Qxd2+
15. Kxd2 Rc6 16. Rc2 Kf8 17. Nc3 Nd7 18. Nd5 Bxd5 19. exd5 Rc7 20. Re1 Rac8 21.
Bf4 b5 22. Rec1 b4 23. Be3 1/2-1/2

[Event "5. Regina Helena Marques Prol"]
[Site "Santos BRA"]
[Date "2007.05.19"]
[Round "1.5"]
[White "Tsuboi, Edson Kenji"]
[Black "Dolezal, Cristian"]
[Result "1-0"]
[WhiteElo "2356"]
[BlackElo "2414"]
[PlyCount "150"]
[EventDate "2007.05.19"]
[EventType "tourn"]
[EventRounds "11"]
[EventCountry "BRA"]
[Source "lmi"]
[SourceDate "2007.05.19"]

1. e4 c5 2. Nf3 e6 3. d4 cxd4 4. Nxd4 a6 5. Bd3 Bc5 6. Nb3 Be7 7. c4 Nc6 8. Nc3
d6 9. O-O Nf6 10. Be3 O-O 11. Rc1 Ne5 12. f3 Bd7 13. Nd4 Qb8 14. Be2 Rc8 15.
Qb3 Rc7 16. Rfd1 Qe8 17. Nc2 b5 18. cxb5 axb5 19. Nxb5 Rb7 20. Nxd6 Rxb3 21.
Nxe8 Rxb2 22. Nxf6+ gxf6 23. f4 Ba4 24. fxe5 fxe5 25. Bd3 Rxa2 26. Rf1 Rd8 27.
Ne1 Kg7 28. Rc7 Rd7 29. Rxd7 Bxd7 30. Nc2 Ba4 31. Rc1 Bh4 32. Kf1 Rb2 33. Ke2
Be7 34. Kf3 Rb3 35. Ke2 Rb2 36. Kf1 Rb3 37. Ne1 Bb4 38. Rb1 Kg6 39. Rxb3 Bxb3
40. Nf3 Bc3 41. Ke2 Ba4 42. Nh4+ Kg7 43. h3 Bc6 44. Bc5 f6 45. g4 Ba5 46. Nf3
Bc7 47. Ke3 Kg6 48. Bc4 Bd7 49. Be7 h6 50. Kd3 Kf7 51. Bb4 Kg8 52. Bd2 Bd6 53.
Nh4 Kg7 54. Ng2 Kg6 55. Nh4+ Kg7 56. Ba5 Bb8 57. Bd8 Ba7 58. Ke2 Bc5 59. Bc7
Ba3 60. Nf3 Bc1 61. Ne1 Bc8 62. Bd6 Kg6 63. Nd3 Bg5 64. Nc5 Kf7 65. Kd3 Bh4 66.
Kc3 Bf2 67. Kb4 Bxc5+ 68. Kxc5 Bb7 69. Bd3 Kg6 70. h4 h5 71. gxh5+ Kxh5 72. Be7
Kg6 73. Kd6 Kf7 74. h5 Bc8 75. Bxf6 Kxf6 1-0

[Event "5. Regina Helena Marques Prol"]
[Site "Santos BRA"]
[Date "2007.05.19"]
[Round "1.6"]
[White "Rodrigues, Tiago Pereira"]
[Black "Molina, Roberto Junio Brito"]
[Result "0-1"]
[WhiteElo "2140"]
[BlackElo "2353"]
[PlyCount "49"]
[EventDate "2007.05.19"]
[EventType "tourn"]
[EventRounds "11"]
[EventCountry "BRA"]
[Source "lmi"]
[SourceDate "2007.05.19"]

1. e4 c6 2. d4 d5 3. exd5 cxd5 4. Bd3 Nc6 5. c3 Qc7 6. Ne2 Bg4 7. f3 Bd7 8. Bf4
e5 9. dxe5 Nxe5 10. Bc2 Bd6 11. Qd4 Ne7 12. Nd2 O-O 13. O-O-O Be6 14. Qf2 b5
15. Kb1 b4 16. cxb4 Rfb8 17. Nb3 Rxb4 18. Bd2 Qxc2+ 19. Kxc2 Bf5+ 20. Kc1 Nd3+
21. Kb1 Nxf2+ 22. Ka1 Rbb8 23. Ned4 Bd7 24. Rhf1 Nxd1 25. Rxd1 0-1

[Event "5. Regina Helena Marques Prol"]
[Site "Santos BRA"]
[Date "2007.05.20"]
[Round "2.1"]
[White "Lima, Diniz Neves"]
[Black "Molina, Roberto Junio Brito"]
[Result "0-1"]
[WhiteElo "2137"]
[BlackElo "2353"]
[PlyCount "94"]
[EventDate "2007.05.19"]
[EventType "tourn"]
[EventRounds "11"]
[EventCountry "BRA"]
[Source "lmi"]
[SourceDate "2007.05.19"]

1. e4 c5 2. c3 d5 3. exd5 Qxd5 4. d4 cxd4 5. cxd4 Nf6 6. Nc3 Qd6 7. Nf3 e6 8.
Ne5 Be7 9. Bf4 Qd8 10. Be2 O-O 11. O-O Nbd7 12. Bf3 Nb6 13. Bg3 Nbd5 14. Qb3
Qa5 15. Nc4 Qb4 16. Qxb4 Bxb4 17. Nxd5 Nxd5 18. Bxd5 exd5 19. Bd6 dxc4 20. Bxb4
Rd8 21. Rfd1 Be6 22. Be7 Rd7 23. Bg5 f6 24. Be3 b5 25. a3 a5 26. f3 Rb8 27. Bf2
Kf7 28. Be1 b4 29. axb4 axb4 30. Ra4 c3 31. d5 Bf5 32. bxc3 Bc2 33. Raa1 Bxd1
34. Rxd1 bxc3 35. Bxc3 Rbd8 36. Rb1 Rxd5 37. Kf2 R8d7 38. h4 Rc5 39. Rb3 h5 40.
Kg3 Kg6 41. Be1 Rc1 42. Re3 Rc2 43. Bb4 Rb7 44. Bc3 Ra7 45. Bd4 Raa2 46. Re7
Rxg2+ 47. Kf4 Rh2 0-1

[Event "5. Regina Helena Marques Prol"]
[Site "Santos BRA"]
[Date "2007.05.20"]
[Round "2.2"]
[White "Dolezal, Cristian"]
[Black "Rodrigues, Tiago Pereira"]
[Result "1-0"]
[WhiteElo "2414"]
[BlackElo "2140"]
[PlyCount "137"]
[EventDate "2007.05.19"]
[EventType "tourn"]
[EventRounds "11"]
[EventCountry "BRA"]
[Source "lmi"]
[SourceDate "2007.05.19"]

1. d4 d5 2. Nc3 Nf6 3. Bg5 Nbd7 4. e3 g6 5. f4 Bg7 6. Nf3 c6 7. Bd3 O-O 8. Ne2
c5 9. c3 Ne4 10. Bh4 Ndf6 11. Ne5 b6 12. Bxe4 dxe4 13. dxc5 bxc5 14. Qa4 Qb6
15. O-O-O Be6 16. Bxf6 Rab8 17. b3 Bxf6 18. Nc4 Bxc4 19. Qxc4 Qa5 20. Rd2 Qa3+
21. Kb1 a5 22. Rhd1 a4 23. Rb2 axb3 24. axb3 Rfd8 25. Rxd8+ Rxd8 26. Ra2 Rd1+
27. Kc2 Qxa2+ 28. Kxd1 Qb1+ 29. Kd2 Kg7 30. g4 Bh4 31. Nc1 Bf6 32. Ne2 Bh4 33.
Nc1 Bf6 34. Kd1 Qb2 35. Qxe4 Bxc3 36. Qc2 Qa1 37. Qa2 Qxa2 38. Nxa2 Ba5 39. Ke2
Kf6 40. Kd3 e5 41. Ke4 exf4 42. exf4 Bd2 43. h3 Ke6 44. f5+ Kd6 45. Kd3 Be1 46.
Nc1 gxf5 47. gxf5 Bg3 48. Ke4 f6 49. Nd3 h6 50. Nb2 Kc6 51. Nc4 Bf2 52. Kf3 Bd4
53. Kg4 Kd5 54. Nb6+ Ke4 55. h4 Bf2 56. Nd7 Bd4 57. Nb6 Bf2 58. Nc4 Kd3 59. Kh5
Kc3 60. Nd6 Kxb3 61. Ne4 Bd4 62. Nxc5+ Bxc5 63. Kxh6 Bf2 64. h5 Kc4 65. Kg6 Be3
66. h6 Bxh6 67. Kxh6 Kd4 68. Kg7 Ke5 69. Kg6 1-0

[Event "5. Regina Helena Marques Prol"]
[Site "Santos BRA"]
[Date "2007.05.20"]
[Round "2.3"]
[White "Viana Da Costa, Fernando"]
[Black "Tsuboi, Edson Kenji"]
[Result "1-0"]
[WhiteElo "2288"]
[BlackElo "2356"]
[PlyCount "71"]
[EventDate "2007.05.19"]
[EventType "tourn"]
[EventRounds "11"]
[EventCountry "BRA"]
[Source "lmi"]
[SourceDate "2007.05.19"]

1. d4 Nf6 2. Nf3 e6 3. c4 b6 4. Nc3 Bb4 5. Bg5 h6 6. Bh4 Bb7 7. Nd2 g5 8. Bg3
Bxc3 9. bxc3 d6 10. e3 Nbd7 11. f3 Qe7 12. a4 e5 13. e4 a5 14. Bf2 Nh5 15. Qc2
f5 16. O-O-O fxe4 17. Nxe4 O-O-O 18. Kb2 Rhe8 19. d5 Ndf6 20. h4 g4 21. Be2 Rg8
22. Nxf6 Qxf6 23. Bd3 gxf3 24. g4 Nf4 25. Bf5+ Kb8 26. g5 hxg5 27. hxg5 Rxg5
28. Bh4 Rdg8 29. Be4 Ne2 30. Rhf1 Qh6 31. Bxg5 Rxg5 32. Rxf3 Nf4 33. Rd2 Bc8
34. Rff2 Bd7 35. Rh2 Qg7 36. Rh7 1-0

[Event "5. Regina Helena Marques Prol"]
[Site "Santos BRA"]
[Date "2007.05.20"]
[Round "2.4"]
[White "Limberg, Estacio Vermelho"]
[Black "Stamenkovic, Dragan"]
[Result "1/2-1/2"]
[WhiteElo "2255"]
[BlackElo "2423"]
[PlyCount "113"]
[EventDate "2007.05.19"]
[EventType "tourn"]
[EventRounds "11"]
[EventCountry "BRA"]
[Source "lmi"]
[SourceDate "2007.05.19"]

1. d4 d5 2. c4 e6 3. Nc3 Nf6 4. e3 Be7 5. Nf3 O-O 6. cxd5 exd5 7. Bd3 c6 8. Rb1
a5 9. h3 Nbd7 10. O-O Bd6 11. Qc2 Re8 12. Re1 h6 13. Bd2 Re6 14. a3 Qe8 15. e4
dxe4 16. Nxe4 Nxe4 17. Bxe4 Nf6 18. Bf5 Rxe1+ 19. Rxe1 Qd8 20. Nh4 Nd5 21. Qe4
Bxf5 22. Nxf5 Bf8 23. Qe5 Qf6 24. Re4 a4 25. Rg4 Kh7 26. Qe4 Qe6 27. Qd3 Kh8
28. Qf3 Re8 29. Ne3 Nf6 30. d5 Nxd5 31. Rxa4 Nxe3 32. Bxe3 Qb3 33. Rg4 Bd6 34.
g3 Qe6 35. Bd4 f6 36. Rh4 Kg8 37. Qh5 Qf7 38. Qf5 Re1+ 39. Kg2 Qe6 40. Qf3 Qc4
41. Kh2 Qf1 42. Qg2 Qd3 43. Be3 Be5 44. b4 Ra1 45. Rg4 Kh8 46. b5 Qxb5 47. Rb4
Qa6 48. Rb6 Qa8 49. Qe4 Bc7 50. Rb4 b5 51. Bxh6 gxh6 52. Qg6 Qf8 53. Rh4 Bxg3+
54. fxg3 Ra2+ 55. Kh1 Ra1+ 56. Kg2 Ra2+ 57. Kh1 1/2-1/2

[Event "5. Regina Helena Marques Prol"]
[Site "Santos BRA"]
[Date "2007.05.20"]
[Round "2.5"]
[White "Hungaski, Robert Andrew"]
[Black "Diaz, Nahuel"]
[Result "1/2-1/2"]
[WhiteElo "2379"]
[BlackElo "2409"]
[PlyCount "68"]
[EventDate "2007.05.19"]
[EventType "tourn"]
[EventRounds "11"]
[EventCountry "BRA"]
[Source "lmi"]
[SourceDate "2007.05.19"]

1. e4 e5 2. Nf3 Qe7 3. Nc3 c6 4. d4 d6 5. Be3 g6 6. Qd2 Bg7 7. O-O-O Nd7 8. Kb1
Ngf6 9. h3 O-O 10. Bd3 b5 11. Bh6 b4 12. Ne2 c5 13. dxe5 dxe5 14. Ng3 Nb6 15.
Bxg7 Kxg7 16. Qg5 Re8 17. Bb5 h6 18. Qe3 Rh8 19. Bc6 Rb8 20. Qd3 Be6 21. Qd6
Qxd6 22. Rxd6 Nc4 23. Rdd1 Rhc8 24. Ba4 Nb6 25. Bb5 c4 26. Nxe5 Rc5 27. Nc6 Rc8
28. Nxa7 R8c7 29. Rd6 Nfd7 30. Bxd7 Nxd7 31. Ra6 Nb8 32. Rb6 Nd7 33. Ra6 Nb8
34. Rb6 Nd7 1/2-1/2

[Event "5. Regina Helena Marques Prol"]
[Site "Santos BRA"]
[Date "2007.05.21"]
[Round "3.1"]
[White "Larrea, Manuel"]
[Black "Lima, Diniz Neves"]
[Result "1-0"]
[WhiteElo "2317"]
[BlackElo "2137"]
[PlyCount "63"]
[EventDate "2007.05.19"]
[EventType "tourn"]
[EventRounds "11"]
[EventCountry "BRA"]
[Source "lmi"]
[SourceDate "2007.05.19"]

1. e4 d5 2. exd5 Nf6 3. c4 c6 4. d4 cxd5 5. Nc3 Nc6 6. Bg5 Qa5 7. Qd2 dxc4 8.
Bxc4 Bg4 9. h3 O-O-O 10. Bxf6 exf6 11. hxg4 Rxd4 12. Bd3 Bb4 13. Nge2 Bxc3 14.
bxc3 Rxg4 15. O-O h5 16. Ng3 g6 17. Be2 Ra4 18. Rfd1 Rd8 19. Qc2 Rxd1+ 20. Bxd1
Rc4 21. Rc1 Qe5 22. Be2 Rf4 23. Bf3 h4 24. Ne2 Rxf3 25. gxf3 Qg5+ 26. Kh1 h3
27. Rg1 Qh5 28. Qe4 Ne5 29. f4 Ng4 30. Qe8+ Kc7 31. Qxf7+ Kc8 32. Qe6+ 1-0

[Event "5. Regina Helena Marques Prol"]
[Site "Santos BRA"]
[Date "2007.05.21"]
[Round "3.2"]
[White "Diaz, Nahuel"]
[Black "Marra, Eduardo da Costa"]
[Result "1/2-1/2"]
[WhiteElo "2409"]
[BlackElo "2290"]
[PlyCount "65"]
[EventDate "2007.05.19"]
[EventType "tourn"]
[EventRounds "11"]
[EventCountry "BRA"]
[Source "lmi"]
[SourceDate "2007.05.19"]

1. d4 Nf6 2. g3 d5 3. Bg2 e6 4. Nf3 c5 5. O-O Nc6 6. e3 Be7 7. b3 cxd4 8. exd4
O-O 9. c4 b6 10. Ne5 Bb7 11. Bb2 Qc7 12. Nd2 dxc4 13. Rc1 Nxe5 14. dxe5 Bxg2
15. exf6 Bxf1 16. Qg4 g6 17. Qg5 Rfe8 18. fxe7 Qxe7 19. Bf6 h6 20. Qh4 Qf8 21.
Rxf1 e5 22. bxc4 Rac8 23. Re1 Rc5 24. Re3 Re6 25. Ne4 Rxc4 26. Bxe5 Rxe5 27.
Nf6+ Kg7 28. Qxc4 Rxe3 29. fxe3 Kxf6 30. Qd4+ Ke6 31. Qe4+ Kf6 32. Qd4+ Ke6 33.
Qe4+ 1/2-1/2

[Event "5. Regina Helena Marques Prol"]
[Site "Santos BRA"]
[Date "2007.05.21"]
[Round "3.3"]
[White "Stamenkovic, Dragan"]
[Black "Hungaski, Robert Andrew"]
[Result "1-0"]
[WhiteElo "2423"]
[BlackElo "2379"]
[PlyCount "175"]
[EventDate "2007.05.19"]
[EventType "tourn"]
[EventRounds "11"]
[EventCountry "BRA"]
[Source "lmi"]
[SourceDate "2007.05.19"]

1. d4 d5 2. Bg5 f6 3. Bh4 Nh6 4. e3 Nf5 5. Bg3 Nc6 6. c4 e5 7. dxe5 d4 8. exd4
Qxd4 9. Nc3 Nxg3 10. hxg3 Qxe5+ 11. Be2 Bb4 12. Rc1 Bg4 13. Kf1 Rd8 14. Nd5 Be6
15. Qb3 a5 16. Nf3 Qd6 17. Rd1 Bxd5 18. cxd5 Ne7 19. Rh4 O-O 20. Qc2 g6 21. Rc4
b5 22. Rxc7 Rc8 23. Rxc8 Rxc8 24. Qe4 f5 25. Qb1 Qb6 26. Qd3 Qd6 27. Qxb5 Rc2
28. Qe8+ Kg7 29. Nd4 Rc8 30. Qb5 Qxd5 31. Qxd5 Nxd5 32. a3 Be7 33. Ba6 Rb8 34.
Nxf5+ gxf5 35. Rxd5 a4 36. Bb5 Bf6 37. Bxa4 Bxb2 38. Bc2 Bxa3 39. Bxf5 h6 40.
Ra5 Be7 41. Ra6 Bf8 42. g4 Rb2 43. Rc6 Rd2 44. g3 Rd6 45. Rc7+ Kf6 46. Kg2 Rb6
47. Bc2 Bd6 48. Rc8 Rb8 49. Rc6 Ke7 50. Ra6 Rb4 51. Ra8 Kf7 52. Ra7+ Kf6 53.
Ra6 Ke5 54. f4+ Ke6 55. Ra8 Rb8 56. Ra5 Be7 57. Re5+ Kf7 58. Rf5+ Kg7 59. Ra5
Rb7 60. Ra6 Bf6 61. Rc6 Ra7 62. Bb3 Re7 63. Kf3 Bd4 64. Be6 Rb7 65. Rd6 Bf6 66.
Ke4 Be7 67. Rc6 Ra7 68. Bb3 Bf6 69. Rc8 Be7 70. Rg8+ Kh7 71. Rb8 Kg7 72. Bd5
Rc7 73. Kf5 Rd7 74. Be6 Rc7 75. Bd5 Bf8 76. g5 hxg5 77. Kxg5 Rd7 78. Be6 Ra7
79. Rc8 Ra5+ 80. f5 Be7+ 81. Kh5 Ra1 82. Rg8+ Kh7 83. Re8 Bf6 84. Rf8 Rh1+ 85.
Kg4 Be5 86. f6 Bxf6 87. Rxf6 Ra1 88. Kg5 1-0

[Event "5. Regina Helena Marques Prol"]
[Site "Santos BRA"]
[Date "2007.05.21"]
[Round "3.5"]
[White "Rodrigues, Tiago Pereira"]
[Black "Viana Da Costa, Fernando"]
[Result "0-1"]
[WhiteElo "2140"]
[BlackElo "2288"]
[PlyCount "150"]
[EventDate "2007.05.19"]
[EventType "tourn"]
[EventRounds "11"]
[EventCountry "BRA"]
[Source "lmi"]
[SourceDate "2007.05.19"]

1. c4 Nf6 2. d4 g6 3. Nc3 Bg7 4. e4 d6 5. f3 O-O 6. Be3 Nbd7 7. Nge2 c5 8. Qd2
cxd4 9. Nxd4 Nc5 10. Be2 a5 11. O-O Bd7 12. Kh1 a4 13. Rab1 Re8 14. b4 axb3 15.
axb3 Qc7 16. Bg5 Qd8 17. Ndb5 Bc6 18. Rfd1 Ne6 19. Be3 Nd7 20. f4 Bxb5 21. Nxb5
Nc7 22. Nc3 Nf8 23. Bf3 Qb8 24. Bd4 Bxd4 25. Qxd4 Qa7 26. Qd3 Nfe6 27. f5 Nc5
28. Qd2 Nd7 29. fxg6 hxg6 30. Qh6 Qa5 31. Rd3 Qe5 32. Bg4 Nc5 33. Rh3 Qg7 34.
Qd2 Ra3 35. b4 N5e6 36. Nd5 Ra1 37. Rhb3 Nxd5 38. exd5 Nd4 39. R3b2 Rea8 40.
Qd1 Rxb1 41. Rxb1 Qe5 42. Bd7 Ra2 43. Qf1 Re2 44. Bg4 Re3 45. Qf2 f5 46. Bd1
Qe4 47. Kg1 b6 48. Qb2 Qe5 49. Qd2 Qe4 50. Qb2 Kf7 51. Qd2 Qd3 52. Qxd3 Rxd3
53. Ba4 Rc3 54. c5 bxc5 55. bxc5 Rxc5 56. Rd1 Ne2+ 57. Kf1 Nc3 58. Rd4 Nxa4 59.
Rxa4 Rxd5 60. Ke2 Kf6 61. Ra7 Rb5 62. Ra6 Rb3 63. Rc6 g5 64. Ra6 Ke5 65. Ra5+
d5 66. Ra7 e6 67. Rg7 g4 68. Rh7 Rb2+ 69. Kf1 d4 70. Rd7 Ke4 71. h4 gxh3 72.
gxh3 Rh2 73. Rh7 d3 74. Kg1 d2 75. Rd7 Re2 0-1

[Event "5. Regina Helena Marques Prol"]
[Site "Santos BRA"]
[Date "2007.05.21"]
[Round "4.1"]
[White "Lima, Diniz Neves"]
[Black "Dolezal, Cristian"]
[Result "1/2-1/2"]
[WhiteElo "2137"]
[BlackElo "2414"]
[PlyCount "125"]
[EventDate "2007.05.19"]
[EventType "tourn"]
[EventRounds "11"]
[EventCountry "BRA"]
[Source "lmi"]
[SourceDate "2007.05.19"]

1. e4 Nc6 2. d4 d5 3. e5 f6 4. f4 Bf5 5. c3 e6 6. Nf3 Qd7 7. Nbd2 h6 8. Be2
fxe5 9. fxe5 O-O-O 10. b4 g5 11. Nb3 Qh7 12. Be3 Nb8 13. O-O Nd7 14. Nc5 Nb6
15. Nd2 Bc2 16. Qc1 Bxc5 17. bxc5 Na4 18. Qa3 Bd3 19. Rf7 Qxf7 20. Bxd3 Qd7 21.
Rb1 a6 22. Bc2 b5 23. cxb6 Nxb6 24. Qxa6+ Kb8 25. Ba4 Qc8 26. Rxb6+ cxb6 27.
Qxb6+ Qb7 28. Qxd8+ Qc8 29. Qb6+ Qb7 30. Qd6+ Qc7 31. Bd7 Qxd6 32. exd6 Nf6 33.
Bb5 Rd8 34. Bf2 Nh5 35. d7 Nf6 36. Bg3+ Kb7 37. Nb3 Kb6 38. a4 Nxd7 39. Bd6 Nb8
40. Bb4 Nc6 41. Bc5+ Kc7 42. a5 Rb8 43. Bb6+ Kd6 44. Bxc6 Kxc6 45. Nc5 Re8 46.
Nd3 Kb5 47. Ne5 Rc8 48. Bc5 Kxa5 49. Nf7 Ka4 50. Nxh6 Kb3 51. Bb4 e5 52. dxe5
d4 53. cxd4 Kxb4 54. Kf2 Kc4 55. Ke3 Kd5 56. Ng4 Rc3+ 57. Kd2 Ra3 58. Ne3+ Ke4
59. Nc2 Rd3+ 60. Kc1 Rc3 61. Kd2 Rd3+ 62. Kc1 Rc3 63. Kd2 1/2-1/2

[Event "5. Regina Helena Marques Prol"]
[Site "Santos BRA"]
[Date "2007.05.21"]
[Round "4.2"]
[White "Viana Da Costa, Fernando"]
[Black "Molina, Roberto Junio Brito"]
[Result "1/2-1/2"]
[WhiteElo "2288"]
[BlackElo "2353"]
[PlyCount "156"]
[EventDate "2007.05.19"]
[EventType "tourn"]
[EventRounds "11"]
[EventCountry "BRA"]
[Source "lmi"]
[SourceDate "2007.05.19"]

1. g3 f5 2. Bg2 Nf6 3. c4 g6 4. Nc3 Bg7 5. Nf3 d6 6. d3 Nc6 7. Rb1 O-O 8. b4 e5
9. O-O h6 10. b5 Ne7 11. a4 Be6 12. Ba3 Qe8 13. a5 Rd8 14. Qc2 g5 15. c5 g4 16.
cxd6 cxd6 17. Nd2 Qd7 18. Rfc1 Ne8 19. Qa4 b6 20. Qb4 Nc8 21. Na4 Qf7 22. Rc6
bxa5 23. Qxa5 Nf6 24. Nc4 Bd5 25. Nxd6 Nxd6 26. Rxd6 Rxd6 27. Bxd6 Re8 28. Qc7
Qxc7 29. Bxc7 Bxg2 30. Kxg2 Nd5 31. Bd6 Rd8 32. Bc5 Rd7 33. Rc1 Rb7 34. Rb1 Nc7
35. Bxa7 Rxb5 36. Rc1 Ne6 37. Rc4 Kf7 38. Be3 h5 39. h3 Bf6 40. hxg4 hxg4 41.
Nc3 Rb7 42. Nd5 Bg7 43. f3 gxf3+ 44. Kxf3 Rd7 45. Nb6 Rc7 46. Ra4 Bf8 47. Nc4
Kf6 48. Kf2 Bc5 49. Ra5 Bxe3+ 50. Kxe3 Rc5 51. Rxc5 Nxc5 52. Nxe5 Ne6 53. Nf3
Ke7 54. Nd4 Ng7 55. Kf4 Kf6 56. g4 fxg4 57. e4 Ne8 58. e5+ Ke7 59. Kxg4 Nc7 60.
Kf5 Nd5 61. Ne2 Ne3+ 62. Ke4 Ng4 63. d4 Nf2+ 64. Kd5 Nd3 65. Ke4 Nf2+ 66. Kf5
Nd1 67. d5 Ne3+ 68. Ke4 Nc4 69. Nf4 Nd2+ 70. Kf5 Nc4 71. Ng6+ Kd7 72. Ke4 Nd2+
73. Kd4 Nb3+ 74. Ke4 Nd2+ 75. Kf5 Nc4 76. Kf6 Ne3 77. e6+ Kd6 78. e7 Nxd5+
1/2-1/2

[Event "5. Regina Helena Marques Prol"]
[Site "Santos BRA"]
[Date "2007.05.21"]
[Round "4.6"]
[White "Larrea, Manuel"]
[Black "Diaz, Nahuel"]
[Result "1/2-1/2"]
[WhiteElo "2317"]
[BlackElo "2402"]
[PlyCount "115"]
[EventDate "2007.05.19"]
[EventType "tourn"]
[EventRounds "11"]
[EventCountry "BRA"]
[Source "lmi"]
[SourceDate "2007.05.19"]

1. e4 e5 2. Nf3 Nc6 3. Bc4 Nf6 4. d3 Be7 5. O-O d6 6. c3 O-O 7. Bb3 h6 8. Re1
Nh7 9. Nbd2 Ng5 10. Nxg5 Bxg5 11. Nf1 Be6 12. Ne3 Qd7 13. Nd5 Bxc1 14. Rxc1 Kh7
15. d4 f5 16. dxe5 f4 17. exd6 f3 18. e5 cxd6 19. exd6 Rad8 20. Qd3+ Bf5 21.
Qxf3 Qxd6 22. Qg3 Na5 23. Qxd6 Rxd6 24. c4 b5 25. c5 Nxb3 26. cxd6 Nxc1 27.
Rxc1 Rd8 28. Ne7 Be6 29. Rd1 Bxa2 30. Nc6 Rd7 31. Ne5 Rd8 32. d7 Be6 33. Rd6
Bxd7 34. Rxd7 Rc8 35. g4 Rc2 36. b4 Rb2 37. Nd3 Rb3 38. Kf1 Ra3 39. h4 h5 40.
g5 Kg6 41. Nf4+ Kf5 42. Nxh5 g6 43. Ng3+ Kg4 44. Rd4+ Kf3 45. Kg1 a5 46. bxa5
Rxa5 47. Rb4 Ra1+ 48. Nf1 Rxf1+ 49. Kh2 Rxf2+ 50. Kh3 Rf1 51. Rb3+ Kf4 52. Kg2
Rc1 53. Rxb5 Rc2+ 54. Kf1 Kg4 55. Rb4+ Kh5 56. Kg1 Ra2 57. Rf4 Rb2 58. Rd4
1/2-1/2

[Event "5. Regina Helena Marques Prol"]
[Site "Santos BRA"]
[Date "2007.05.22"]
[Round "5.1"]
[White "Diaz, Nahuel"]
[Black "Lima, Diniz Neves"]
[Result "1-0"]
[WhiteElo "2409"]
[BlackElo "2137"]
[PlyCount "53"]
[EventDate "2007.05.19"]
[EventType "tourn"]
[EventRounds "11"]
[EventCountry "BRA"]
[Source "lmi"]
[SourceDate "2007.05.19"]

1. Nf3 Nf6 2. c4 g6 3. g3 Bg7 4. Bg2 c5 5. d4 cxd4 6. Nxd4 Nc6 7. O-O O-O 8.
Nc3 Nxd4 9. Qxd4 d6 10. Qd3 Qc7 11. Bg5 Be6 12. b3 Rac8 13. Rac1 b6 14. e4 h6
15. Bd2 Bd7 16. h3 Bc6 17. f4 Nd7 18. Qe2 Qb7 19. b4 Bxc3 20. Bxc3 b5 21. f5
Nf6 22. Bxf6 exf6 23. c5 Qe7 24. fxg6 fxg6 25. Qg4 Kg7 26. cxd6 Qe5 27. Rxc6
1-0

[Event "5. Regina Helena Marques Prol"]
[Site "Santos BRA"]
[Date "2007.05.22"]
[Round "5.2"]
[White "Stamenkovic, Dragan"]
[Black "Larrea, Manuel"]
[Result "1/2-1/2"]
[WhiteElo "2423"]
[BlackElo "2317"]
[PlyCount "39"]
[EventDate "2007.05.19"]
[EventType "tourn"]
[EventRounds "11"]
[EventCountry "BRA"]
[Source "lmi"]
[SourceDate "2007.05.19"]

1. d4 Nf6 2. Bg5 Ne4 3. Bf4 c5 4. e3 Qa5+ 5. c3 Nf6 6. d5 d6 7. e4 g6 8. Na3
Bg7 9. Nc4 Qd8 10. a4 O-O 11. Qd2 Nbd7 12. g4 Nb6 13. Ne3 Bd7 14. a5 Nc8 15.
Ne2 e6 16. c4 e5 17. Bg3 Ne7 18. Nc3 Ne8 19. Bh4 Bh6 20. Bd3 1/2-1/2

[Event "5. Regina Helena Marques Prol"]
[Site "Santos BRA"]
[Date "2007.05.22"]
[Round "5.3"]
[White "Tsuboi, Edson Kenji"]
[Black "Marra, Eduardo da Costa"]
[Result "1-0"]
[WhiteElo "2356"]
[BlackElo "2290"]
[PlyCount "67"]
[EventDate "2007.05.19"]
[EventType "tourn"]
[EventRounds "11"]
[EventCountry "BRA"]
[Source "lmi"]
[SourceDate "2007.05.19"]

1. e4 c5 2. Nf3 d6 3. d4 Nf6 4. Nc3 cxd4 5. Nxd4 g6 6. Be3 Bg7 7. f3 Nc6 8. Qd2
O-O 9. O-O-O d5 10. exd5 Nxd5 11. Nxc6 bxc6 12. Bd4 Bxd4 13. Qxd4 Qc7 14. Bc4
e5 15. Qd2 Be6 16. Ne4 Qe7 17. Ng5 Ne3 18. Bxe6 Nxd1 19. Bxf7+ Rxf7 20. Nxf7
Nxb2 21. Nh6+ Kg7 22. Kxb2 Rd8 23. Qe3 Qb4+ 24. Ka1 Rb8 25. Qxe5+ Kxh6 26. Rd1
Rb5 27. Qe3+ Rg5 28. g4 Qc5 29. Qd2 Kg7 30. Qd7+ Kh6 31. Qd2 Kg7 32. Qd4+ Kh6
33. h4 Rd5 34. g5+ 1-0